| 000 | 00696cam a22002413a 4500 | ||
|---|---|---|---|
| 001 | 14556 | ||
| 003 | PGUSA | ||
| 005 | 20140828083318.0 | ||
| 008 | 050101s2005||||xxu|||||s|||||000 1 eng d | ||
| 040 |
_aPGUSA _beng |
||
| 042 | _adc | ||
| 050 | 4 | _aPS | |
| 100 | 1 | _aHowdershelt, Ed | |
| 245 | 1 | 3 |
_aAn Encounter in Atlanta _h[electronic resource] / _cEd Howdershelt |
| 260 |
_bProject Gutenberg, _c2005 |
||
| 506 | _aCopyrighted. Read the copyright notice inside this book for details. | ||
| 516 | _aElectronic text | ||
| 653 | _aSuperheroes -- Fiction | ||
| 653 | _aScience fiction | ||
| 830 | 0 |
_aProject Gutenberg _v14556 |
|
| 856 | 4 | 0 | _uhttp://www.gutenberg.org/ebooks/14556 |
| 942 | _cEB | ||
| 999 |
_c243811 _d243811 |
||